000 00530nam a22001817a 4500
999 _c191911
_d191911
005 20220907112001.0
010 _aENG-134949
020 _a9789381112861
_c100.00
035 _aEN-118481
037 _bDBAD/PUB
082 _aN
100 _aAnjaiah, Mothukuri
245 _aLibrary Services to Distance Learners/
_cMothukuri Anjaiah
260 _aKuppam
_bCentre for Publications & Extension Services
_c2017
270 _bKuppam
_e517426
300 _avii, 103p.
_c22cm(pbk)
942 _2ddc
_cEN
_h025.4
_mANJ